[Event "38. Abierto Ciudad de Sevilla"]
[Site "Sevilla ESP"]
[Date "2013.01.11"]
[Round "1.1"]
[White "Rodriguez Rodriguez, Alvaro"]
[Black "Mirzoev, Azer"]
[Result "0-1"]
[WhiteElo "1884"]
[BlackElo "2547"]
[PlyCount "46"]
[EventDate "2013.01.11"]
[EventType "swiss"]
[EventRounds "9"]
[EventCountry "ESP"]
[Source "lmi"]
[SourceDate "2013.01.11"]

1. e4 Nf6 2. e5 Nd5 3. d4 d6 4. c4 Nb6 5. exd6 exd6 6. Be3 Be7 7. Nc3 O-O 8.
Be2 Nc6 9. Nf3 Bg4 10. b3 Re8 11. O-O Bf6 12. Rc1 h6 13. Qd2 Ne7 14. h3 Bh5 15.
d5 Nf5 16. Bxb6 Bxf3 17. Bxc7 Qxc7 18. Bxf3 Bg5 19. Qd3 Bxc1 20. Qxf5 Bb2 21.
Nb5 Qb6 22. Rb1 Be5 23. Qd7 Bg3 0-1

[Event "38. Abierto Ciudad de Sevilla"]
[Site "Sevilla ESP"]
[Date "2013.01.11"]
[Round "1.2"]
[White "Matamoros Franco, Carlos S"]
[Black "Zabaleta Terrer, Jose Antonio"]
[Result "1-0"]
[WhiteElo "2538"]
[BlackElo "1881"]
[PlyCount "68"]
[EventDate "2013.01.11"]
[EventType "swiss"]
[EventRounds "9"]
[EventCountry "ESP"]
[Source "lmi"]
[SourceDate "2013.01.11"]

1. Nf3 Nf6 2. c4 e6 3. g3 d5 4. Bg2 Be7 5. O-O O-O 6. d4 Nbd7 7. Qc2 b6 8. cxd5
exd5 9. Bf4 c5 10. Nc3 Bb7 11. dxc5 Nxc5 12. Rad1 Rc8 13. Qb1 Ne6 14. Be5 Qe8
15. Bxf6 Bxf6 16. Nxd5 Bxd5 17. Rxd5 Nc5 18. e3 Qe7 19. Nd4 Rfe8 20. Nf5 Qe6
21. Nd6 Red8 22. Nxc8 Rxd5 23. Bxd5 Qxd5 24. Rd1 Qb7 25. Nd6 Qc6 26. b4 Ne6 27.
Qe4 Qc7 28. Qa8+ Nf8 29. Ne8 Qe7 30. Nxf6+ gxf6 31. Rd4 Kg7 32. a3 Ng6 33. Rd8
Nf8 34. h4 a5 1-0

[Event "38. Abierto Ciudad de Sevilla"]
[Site "Sevilla ESP"]
[Date "2013.01.11"]
[Round "1.3"]
[White "Lazaro Porta, Angel"]
[Black "Ibarra Jerez, Jose Carlos"]
[Result "0-1"]
[WhiteElo "1880"]
[BlackElo "2538"]
[PlyCount "48"]
[EventDate "2013.01.11"]
[EventType "swiss"]
[EventRounds "9"]
[EventCountry "ESP"]
[Source "lmi"]
[SourceDate "2013.01.11"]

1. c4 e5 2. Nc3 Nf6 3. g3 Bb4 4. Bg2 O-O 5. Qc2 Nc6 6. Nf3 Re8 7. Ng5 Nd4 8.
Qd3 h6 9. h4 c6 10. Nge4 Nxe4 11. Bxe4 f5 12. Bg2 Qf6 13. e4 f4 14. O-O d6 15.
Kh2 g5 16. hxg5 hxg5 17. Rh1 Rf8 18. a3 Bc5 19. b4 Bb6 20. c5 dxc5 21. bxc5
Bxc5 22. Qc4+ Ne6 23. Nd1 Bxf2 24. g4 f3 0-1

[Event "38. Abierto Ciudad de Sevilla"]
[Site "Sevilla ESP"]
[Date "2013.01.11"]
[Round "1.4"]
[White "Haslinger, Stewart G"]
[Black "Jimenez Gonzalez, Manuel Jose"]
[Result "1-0"]
[WhiteElo "2535"]
[BlackElo "1877"]
[PlyCount "73"]
[EventDate "2013.01.11"]
[EventType "swiss"]
[EventRounds "9"]
[EventCountry "ESP"]
[Source "lmi"]
[SourceDate "2013.01.11"]

1. e4 e6 2. d4 d5 3. Nd2 Nf6 4. e5 Nfd7 5. c3 c5 6. Bd3 Nc6 7. Ne2 f6 8. Nf4
Qe7 9. Nf3 cxd4 10. cxd4 g6 11. exf6 Qxf6 12. O-O Bg7 13. Nxe6 Qxe6 14. Re1
Nde5 15. Nxe5 Nxe5 16. Bh6 O-O 17. Bxg7 Kxg7 18. Rxe5 Qf6 19. Qe2 Bd7 20. Re7+
Rf7 21. Re1 Raf8 22. Qe5 Bc6 23. f3 a5 24. b3 Qxe5 25. R1xe5 Rxe7 26. Rxe7+ Rf7
27. Rxf7+ Kxf7 28. a4 h6 29. Bb5 Ke6 30. g4 Bxb5 31. axb5 Kd6 32. Kf2 Ke6 33.
Kg3 b6 34. Kf4 g5+ 35. Kg3 Kf7 36. f4 Kf6 37. h4 1-0

[Event "38. Abierto Ciudad de Sevilla"]
[Site "Sevilla ESP"]
[Date "2013.01.11"]
[Round "1.6"]
[White "Perez Mitjans, Orelvis"]
[Black "De Dios Ortega, Juan Manuel"]
[Result "1-0"]
[WhiteElo "2496"]
[BlackElo "1859"]
[PlyCount "97"]
[EventDate "2013.01.11"]
[EventType "swiss"]
[EventRounds "9"]
[EventCountry "ESP"]
[Source "lmi"]
[SourceDate "2013.01.11"]

1. e4 d6 2. d4 Nf6 3. f3 e5 4. d5 c6 5. c4 cxd5 6. cxd5 Be7 7. Bd3 O-O 8. Ne2
Qb6 9. Nd2 Nbd7 10. Nc4 Qc7 11. b4 Nb6 12. Na5 Bd7 13. Be3 Ba4 14. Qd2 Rfc8 15.
O-O Be8 16. Rfc1 Qd7 17. Nc3 Rab8 18. Nb5 a6 19. Na7 Rxc1+ 20. Rxc1 Bd8 21. Qf2
Nc8 22. Qc2 Nb6 23. Nc4 Nxc4 24. Bxc4 Qa4 25. Qd2 Bd7 26. Bb3 Qa3 27. Rc4 b5
28. Rc2 a5 29. Nc6 Bxc6 30. dxc6 Bc7 31. bxa5 Qxa5 32. Qf2 Kf8 33. g4 Ng8 34.
f4 exf4 35. Bxf4 f6 36. g5 Re8 37. Bd5 Bb6 38. Bxd6+ Ne7 39. Bc5 Bxc5 40. Rxc5
Nxd5 41. Rxd5 Rxe4 42. gxf6 g6 43. Qc5+ Kf7 44. Rd7+ Kxf6 45. Qf2+ Ke5 46. Re7+
Kd5 47. Rxe4 Kxe4 48. Qc2+ Kf4 49. c7 1-0

[Event "38. Abierto Ciudad de Sevilla"]
[Site "Sevilla ESP"]
[Date "2013.01.11"]
[Round "1.7"]
[White "Hidalgo Begines, Juan Jose"]
[Black "Campora, Daniel H"]
[Result "0-1"]
[WhiteElo "1858"]
[BlackElo "2490"]
[PlyCount "54"]
[EventDate "2013.01.11"]
[EventType "swiss"]
[EventRounds "9"]
[EventCountry "ESP"]
[Source "lmi"]
[SourceDate "2013.01.11"]

1. c4 e5 2. Nc3 Nf6 3. g3 Bb4 4. Bg2 O-O 5. a3 Bxc3 6. dxc3 d6 7. Nf3 a5 8. a4
h6 9. O-O Nbd7 10. Qc2 Nc5 11. Nd2 Bd7 12. Ne4 Ncxe4 13. Bxe4 Nxe4 14. Qxe4 b6
15. Kg2 f5 16. Qd5+ Kh8 17. e3 Qe8 18. Qd1 Bc6+ 19. f3 g5 20. Qe2 g4 21. e4
gxf3+ 22. Rxf3 Qg6 23. Rf1 Bxe4+ 24. Kg1 f4 25. Qf2 Rf7 26. Re1 Rg8 27. Rxe4
Qxe4 0-1

[Event "38. Abierto Ciudad de Sevilla"]
[Site "Sevilla ESP"]
[Date "2013.01.11"]
[Round "1.9"]
[White "Juidiaz Hernandez, Antonio Lui"]
[Black "Lalic, Bogdan"]
[Result "0-1"]
[WhiteElo "1851"]
[BlackElo "2484"]
[PlyCount "89"]
[EventDate "2013.01.11"]
[EventType "swiss"]
[EventRounds "9"]
[EventCountry "ESP"]
[Source "lmi"]
[SourceDate "2013.01.11"]

1. e4 e6 2. c4 d5 3. exd5 exd5 4. d4 Nf6 5. Nf3 Bb4+ 6. Bd2 Bxd2+ 7. Nbxd2 O-O
8. Be2 dxc4 9. Nxc4 Nd5 10. Qd2 Qf6 11. g3 Nb6 12. Nxb6 axb6 13. O-O Nc6 14.
Rfd1 Rd8 15. Qc3 Be6 16. a3 Bd5 17. Ne5 Re8 18. f4 Qd6 19. Bf3 Bxf3 20. Nxf3
Rad8 21. Rac1 Qd5 22. Kf2 f6 23. Qc4 Re7 24. Qxd5+ Rxd5 25. Rc2 Red7 26. b4 Ne7
27. g4 c6 28. Re1 Kf7 29. f5 Rd8 30. Rce2 R5d7 31. Nd2 Nd5 32. Nf3 Ra8 33. Ra1
Nxb4 34. g5 Nd5 35. h4 Ne7 36. g6+ hxg6 37. fxg6+ Nxg6 38. Re4 Ra5 39. Rg1 Ne7
40. Reg4 g6 41. Rf4 Rf5 42. Ke3 b5 43. Ke4 Rd6 44. Rxg6 Re6+ 45. Ne5+ 0-1

[Event "38. Abierto Ciudad de Sevilla"]
[Site "Sevilla ESP"]
[Date "2013.01.11"]
[Round "1.11"]
[White "Narro Jimenez, Jose Reyes"]
[Black "Gonzalez Perez, Arian"]
[Result "0-1"]
[WhiteElo "1838"]
[BlackElo "2473"]
[PlyCount "56"]
[EventDate "2013.01.11"]
[EventType "swiss"]
[EventRounds "9"]
[EventCountry "ESP"]
[Source "lmi"]
[SourceDate "2013.01.11"]

1. e4 e6 2. d4 d5 3. Nc3 Bb4 4. e5 c5 5. a3 Bxc3+ 6. bxc3 Ne7 7. Nf3 Qc7 8. Bd3
h6 9. O-O b6 10. a4 Ba6 11. Re1 Bxd3 12. Qxd3 Nbc6 13. Qb5 cxd4 14. cxd4 O-O
15. Ba3 Rfc8 16. Bd6 Qb7 17. a5 Nf5 18. axb6 Ncxd4 19. Nxd4 Nxd4 20. Qa5 Qxb6
21. Reb1 Qxa5 22. Rxa5 Rxc2 23. g3 Ne2+ 24. Kf1 Nc3 25. Rb8+ Rxb8 26. Bxb8 d4
27. Bxa7 d3 28. Ke1 d2+ 0-1

[Event "38. Abierto Ciudad de Sevilla"]
[Site "Sevilla ESP"]
[Date "2013.01.11"]
[Round "1.12"]
[White "Das, Arghyadip"]
[Black "Cherry, John Bradford"]
[Result "1-0"]
[WhiteElo "2466"]
[BlackElo "1838"]
[PlyCount "42"]
[EventDate "2013.01.11"]
[EventType "swiss"]
[EventRounds "9"]
[EventCountry "ESP"]
[Source "lmi"]
[SourceDate "2013.01.11"]

1. e4 d6 2. Nc3 Nf6 3. d4 g6 4. Bg5 Bg7 5. Qd2 O-O 6. f4 Nbd7 7. Nf3 c5 8. d5
a6 9. a4 Qe8 10. Bd3 e5 11. dxe6 Qxe6 12. O-O h6 13. f5 Qe7 14. Bxh6 Ne5 15.
Bg5 c4 16. Nd5 Qd8 17. Nxe5 dxe5 18. fxg6 cxd3 19. Nxf6+ Bxf6 20. Bxf6 Qb6+ 21.
Kh1 fxg6 1-0

[Event "38. Abierto Ciudad de Sevilla"]
[Site "Sevilla ESP"]
[Date "2013.01.11"]
[Round "1.13"]
[White "Godino Benitez, Miguel"]
[Black "Roy Chowdhury, Saptarshi"]
[Result "0-1"]
[WhiteElo "1834"]
[BlackElo "2451"]
[PlyCount "68"]
[EventDate "2013.01.11"]
[EventType "swiss"]
[EventRounds "9"]
[EventCountry "ESP"]
[Source "lmi"]
[SourceDate "2013.01.11"]

1. d4 e6 2. Nf3 b6 3. Nbd2 Bb7 4. c3 Nf6 5. Qc2 d6 6. g3 Nbd7 7. Bg2 Be7 8. O-O
c5 9. e4 cxd4 10. Nxd4 Qc8 11. Re1 g6 12. Nf1 e5 13. Nb3 h5 14. Bg5 Nf8 15. f4
N8h7 16. fxe5 dxe5 17. Bxf6 Nxf6 18. Ne3 h4 19. Nd5 hxg3 20. Nxf6+ Bxf6 21. h3
Bc6 22. Rad1 Bd7 23. Rxd7 Qxd7 24. Rd1 Qe6 25. Qe2 Rd8 26. Rd5 Be7 27. Qb5+ Kf8
28. Qe2 Kg7 29. c4 Rh4 30. Rxd8 Bxd8 31. Nd2 Be7 32. a3 a5 33. Qf3 Bc5+ 34. Kf1
Rf4 0-1

[Event "38. Abierto Ciudad de Sevilla"]
[Site "Sevilla ESP"]
[Date "2013.01.11"]
[Round "1.14"]
[White "Mellado Trivino, Juan"]
[Black "Santos Olivera, Francisco"]
[Result "1-0"]
[WhiteElo "2436"]
[BlackElo "1833"]
[PlyCount "55"]
[EventDate "2013.01.11"]
[EventType "swiss"]
[EventRounds "9"]
[EventCountry "ESP"]
[Source "lmi"]
[SourceDate "2013.01.11"]

1. d4 d5 2. Bg5 g6 3. c4 Bg7 4. e3 Nf6 5. Nc3 c6 6. Nf3 Nbd7 7. cxd5 Nxd5 8.
Bc4 Nxc3 9. bxc3 Qa5 10. Qb3 Qf5 11. O-O b5 12. Be2 h6 13. Bh4 g5 14. Bg3 h5
15. h4 gxh4 16. Nxh4 Qg5 17. Bf3 Bb7 18. a4 a6 19. c4 Nc5 20. dxc5 Bxa1 21.
Rxa1 Qxc5 22. axb5 axb5 23. Rxa8+ Bxa8 24. cxb5 Rh6 25. Qa4 Bb7 26. Qf4 Qd6 27.
Qxd6 exd6 28. Nf5 1-0

[Event "38. Abierto Ciudad de Sevilla"]
[Site "Sevilla ESP"]
[Date "2013.01.11"]
[Round "1.16"]
[White "Belezky, Alexander"]
[Black "Jimenez Arnaiz, Jose Maria"]
[Result "1-0"]
[WhiteElo "2427"]
[BlackElo "1821"]
[PlyCount "63"]
[EventDate "2013.01.11"]
[EventType "swiss"]
[EventRounds "9"]
[EventCountry "ESP"]
[Source "lmi"]
[SourceDate "2013.01.11"]

1. Nf3 Nf6 2. g3 g6 3. b3 Bg7 4. Bb2 d5 5. c4 c6 6. Bg2 O-O 7. O-O Nbd7 8. cxd5
Nxd5 9. Bxg7 Kxg7 10. d4 e6 11. e4 N5f6 12. Nc3 Nb6 13. Qc2 Qe7 14. Ne2 Bd7 15.
Rac1 Rad8 16. Ne5 Bc8 17. Qc3 Kg8 18. Qa5 Na8 19. Qxa7 Nc7 20. Rfd1 h5 21. h4
Nfe8 22. Qc5 Qxc5 23. dxc5 Ng7 24. b4 Kh7 25. Rxd8 Rxd8 26. Nxf7 Rd2 27. Nc3
Na6 28. a3 Ne8 29. Rd1 Rxd1+ 30. Nxd1 Kg7 31. Ne5 Kf6 32. f4 1-0

[Event "38. Abierto Ciudad de Sevilla"]
[Site "Sevilla ESP"]
[Date "2013.01.11"]
[Round "1.17"]
[White "Chesa Chavarria, Aurelio"]
[Black "Barua, Dibyendu"]
[Result "0-1"]
[WhiteElo "1812"]
[BlackElo "2413"]
[PlyCount "54"]
[EventDate "2013.01.11"]
[EventType "swiss"]
[EventRounds "9"]
[EventCountry "ESP"]
[Source "lmi"]
[SourceDate "2013.01.11"]

1. d4 Nf6 2. c4 e6 3. Nf3 b6 4. g3 Bb7 5. Bg2 Qc8 6. O-O c5 7. b3 Be7 8. Nc3
cxd4 9. Nxd4 Bxg2 10. Kxg2 d5 11. Bb2 dxc4 12. Rc1 O-O 13. Nf3 Rd8 14. Qc2 cxb3
15. Qxb3 Qb7 16. Kg1 Nbd7 17. Rfd1 Nc5 18. Rxd8+ Rxd8 19. Qc2 Nd5 20. Nxd5 Qxd5
21. Bd4 f6 22. Ba1 e5 23. Ne1 Ne6 24. Ng2 Bc5 25. Ne3 Bxe3 26. fxe3 Qd2 27. Kf2
Nc5 0-1

[Event "38. Abierto Ciudad de Sevilla"]
[Site "Sevilla ESP"]
[Date "2013.01.11"]
[Round "1.19"]
[White "Haslinger, J Mike"]
[Black "Kjartansson, Gudmundur"]
[Result "0-1"]
[WhiteElo "1809"]
[BlackElo "2408"]
[PlyCount "97"]
[EventDate "2013.01.11"]
[EventType "swiss"]
[EventRounds "9"]
[EventCountry "ESP"]
[Source "lmi"]
[SourceDate "2013.01.11"]

1. d4 Nf6 2. Nf3 b6 3. g3 Bb7 4. Bg2 g6 5. O-O Bg7 6. c4 O-O 7. Nc3 Ne4 8. Nxe4
Bxe4 9. Ng5 Bxg2 10. Kxg2 c5 11. d5 d6 12. f4 a6 13. Rb1 b5 14. b3 Nd7 15. f5
Rb8 16. fxg6 hxg6 17. cxb5 axb5 18. Bb2 Nf6 19. Qd3 Qa5 20. Ne4 c4 21. Nxf6+
Bxf6 22. Qe3 c3 23. Rxf6 cxb2 24. Rf4 b4 25. Qd4 Qa8 26. e4 Qxa2 27. Rxb2 Qa1
28. Qd2 Rfc8 29. Rf1 Qa3 30. Qd4 Rc3 31. Rbf2 Rf8 32. Qd2 Qxb3 33. Qh6 Rc2 34.
Kg1 Rxf2 35. Rxf2 Qb1+ 36. Rf1 Qxe4 37. Qd2 b3 38. Rf4 Qb1+ 39. Rf1 Qc2 40.
Qxc2 bxc2 41. Rc1 Rc8 42. Kf2 Kg7 43. Ke3 f5 44. Kd2 Kf6 45. h4 Rc5 46. Ke3 Ke5
47. Kd3 Rxd5+ 48. Kxc2 Rc5+ 49. Kd2 0-1

[Event "38. Abierto Ciudad de Sevilla"]
[Site "Sevilla ESP"]
[Date "2013.01.11"]
[Round "1.20"]
[White "Piscopo, Pierluigi"]
[Black "Gomez Vargas, Pedro Jose"]
[Result "1-0"]
[WhiteElo "2407"]
[BlackElo "1808"]
[PlyCount "57"]
[EventDate "2013.01.11"]
[EventType "swiss"]
[EventRounds "9"]
[EventCountry "ESP"]
[Source "lmi"]
[SourceDate "2013.01.11"]

1. e4 c5 2. Nf3 d6 3. c3 Nf6 4. Bd3 a6 5. Bc2 Nc6 6. h3 e6 7. O-O Be7 8. Re1
Qc7 9. d4 cxd4 10. cxd4 O-O 11. Nc3 Re8 12. Be3 h6 13. Rc1 Bf8 14. d5 Ne7 15.
e5 dxe5 16. d6 Qa5 17. dxe7 Rxe7 18. Nd2 Bd7 19. Nc4 Qc7 20. Nb6 Rd8 21. Ncd5
Nxd5 22. Nxd5 Qb8 23. Nxe7+ Bxe7 24. Bb6 Bg5 25. Bxd8 Qxd8 26. Ba4 Bxc1 27.
Qxd7 Qxd7 28. Bxd7 Bxb2 29. Rb1 1-0

[Event "38. Abierto Ciudad de Sevilla"]
[Site "Sevilla ESP"]
[Date "2013.01.12"]
[Round "2.1"]
[White "Mirzoev, Azer"]
[Black "Delgado Serrano, Angel"]
[Result "1-0"]
[WhiteElo "2547"]
[BlackElo "2139"]
[PlyCount "63"]
[EventDate "2013.01.11"]
[EventType "swiss"]
[EventRounds "9"]
[EventCountry "ESP"]
[Source "lmi"]
[SourceDate "2013.01.11"]

1. d4 Nf6 2. c4 e6 3. Nc3 d5 4. cxd5 exd5 5. Bg5 Nbd7 6. e3 c6 7. Bd3 Be7 8.
Qc2 O-O 9. Nge2 Re8 10. h3 Nf8 11. O-O-O a5 12. g4 N6d7 13. Bf4 Nb6 14. Kb1 Bd6
15. Bxd6 Qxd6 16. g5 Bd7 17. Ng3 a4 18. a3 c5 19. Nb5 Bxb5 20. Bxb5 Rec8 21.
Nf5 Qd8 22. dxc5 Ne6 23. h4 Rxc5 24. Qe2 Rac8 25. Bd3 Qf8 26. Qh5 g6 27. Nh6+
Kg7 28. Qf3 f5 29. gxf6+ Kxh6 30. h5 g5 31. Qf5 Qf7 32. Qg6+ 1-0

[Event "38. Abierto Ciudad de Sevilla"]
[Site "Sevilla ESP"]
[Date "2013.01.12"]
[Round "2.2"]
[White "Mcmahon, Daire"]
[Black "Matamoros Franco, Carlos S"]
[Result "0-1"]
[WhiteElo "2147"]
[BlackElo "2538"]
[PlyCount "74"]
[EventDate "2013.01.11"]
[EventType "swiss"]
[EventRounds "9"]
[EventCountry "ESP"]
[Source "lmi"]
[SourceDate "2013.01.11"]

1. d4 Nf6 2. c4 g6 3. Nc3 Bg7 4. e4 d6 5. Be2 O-O 6. Bg5 Na6 7. Qd2 e5 8. d5 c6
9. f3 cxd5 10. cxd5 Bd7 11. Bxa6 bxa6 12. Nge2 Qb6 13. Be3 Qb7 14. O-O Ne8 15.
Rac1 f5 16. exf5 gxf5 17. f4 Nf6 18. Kh1 Kh8 19. h3 Nh5 20. Kh2 Rae8 21. Rce1
Rf7 22. fxe5 Bxe5+ 23. g3 Rg7 24. Rf3 Qb4 25. Nf4 Rxg3 26. Rxg3 Nxf4 27. Kh1
Ng6 28. Bf2 Qh4 29. Rd3 Qh5 30. Qe2 Qh6 31. Qf3 Rb8 32. b3 Rb4 33. Ne2 Nh4 34.
Qe3 f4 35. Qd2 Rb8 36. Nd4 Nf5 37. Nxf5 Bxf5 0-1

[Event "38. Abierto Ciudad de Sevilla"]
[Site "Sevilla ESP"]
[Date "2013.01.12"]
[Round "2.5"]
[White "Khamrakulov, Ibragim S"]
[Black "Dhar-barua, Saheli"]
[Result "1-0"]
[WhiteElo "2509"]
[BlackElo "2091"]
[PlyCount "39"]
[EventDate "2013.01.11"]
[EventType "swiss"]
[EventRounds "9"]
[EventCountry "ESP"]
[Source "lmi"]
[SourceDate "2013.01.11"]

1. e4 e6 2. d4 d5 3. Nd2 Nf6 4. Bd3 c5 5. c3 Nc6 6. Ngf3 cxd4 7. cxd4 Be7 8. e5
Nd7 9. O-O O-O 10. Re1 f6 11. exf6 Bxf6 12. Nf1 Re8 13. a3 Nf8 14. Ne3 Qb6 15.
Nxd5 exd5 16. Rxe8 Kf7 17. Re1 Nxd4 18. Ng5+ Kg8 19. Nxh7 Bd7 20. Qh5 1-0

[Event "38. Abierto Ciudad de Sevilla"]
[Site "Sevilla ESP"]
[Date "2013.01.12"]
[Round "2.7"]
[White "Campora, Daniel H"]
[Black "Justiniano Marquez, Marco Ant"]
[Result "1-0"]
[WhiteElo "2490"]
[BlackElo "2078"]
[PlyCount "41"]
[EventDate "2013.01.11"]
[EventType "swiss"]
[EventRounds "9"]
[EventCountry "ESP"]
[Source "lmi"]
[SourceDate "2013.01.11"]

1. e4 d5 2. exd5 Qxd5 3. Nc3 Qa5 4. Nf3 Nf6 5. d4 Bg4 6. h3 Bh5 7. g4 Bg6 8.
Bg2 Nc6 9. O-O O-O-O 10. Qe2 Rxd4 11. Be3 Rb4 12. Rfb1 Ne4 13. Nh4 Nxc3 14.
bxc3 Rxb1+ 15. Rxb1 Qa4 16. Nxg6 hxg6 17. Qf3 f6 18. Qd5 e5 19. Qe6+ Kd8 20.
Rxb7 Bd6 21. Bxc6 1-0

[Event "38. Abierto Ciudad de Sevilla"]
[Site "Sevilla ESP"]
[Date "2013.01.12"]
[Round "2.8"]
[White "Coimbra, Margarida"]
[Black "Herraiz Hidalgo, Herminio"]
[Result "0-1"]
[WhiteElo "2110"]
[BlackElo "2488"]
[PlyCount "78"]
[EventDate "2013.01.11"]
[EventType "swiss"]
[EventRounds "9"]
[EventCountry "ESP"]
[Source "lmi"]
[SourceDate "2013.01.11"]

1. e4 c5 2. c3 d5 3. exd5 Qxd5 4. d4 Nf6 5. Nf3 e6 6. Be3 Nc6 7. Na3 cxd4 8.
Nb5 Qd7 9. Nbxd4 a6 10. Qa4 Nxd4 11. Qxd7+ Nxd7 12. Bxd4 f6 13. Bc4 e5 14. Be3
Bc5 15. Bxc5 Nxc5 16. O-O-O Be6 17. Bxe6 Nxe6 18. Rd2 Ke7 19. Rhd1 Rhd8 20.
Rxd8 Nxd8 21. Nd2 Rc8 22. Ne4 Nf7 23. b3 f5 24. Ng3 g6 25. Kb2 e4 26. Ne2 Ne5
27. Kc2 Ng4 28. Rf1 Rd8 29. h3 Nxf2 30. Nd4 Nd3 31. g4 f4 32. g5 Kd6 33. h4 Ke5
34. Ne2 f3 35. Nd4 Nb4+ 36. Kb2 Rxd4 37. cxd4+ Kf4 38. a3 e3 39. axb4 e2 0-1

[Event "38. Abierto Ciudad de Sevilla"]
[Site "Sevilla ESP"]
[Date "2013.01.12"]
[Round "2.9"]
[White "Lalic, Bogdan"]
[Black "Fernandez Ruiz, Manuel Alejand"]
[Result "1-0"]
[WhiteElo "2484"]
[BlackElo "2057"]
[PlyCount "35"]
[EventDate "2013.01.11"]
[EventType "swiss"]
[EventRounds "9"]
[EventCountry "ESP"]
[Source "lmi"]
[SourceDate "2013.01.11"]

1. d4 Nf6 2. c4 c5 3. d5 e6 4. Nc3 exd5 5. cxd5 d6 6. e4 g6 7. f4 Qe7 8. Nf3
Bg4 9. e5 dxe5 10. fxe5 Bxf3 11. Qxf3 Qxe5+ 12. Kd1 Nbd7 13. Bf4 Qd4+ 14. Kc2
O-O-O 15. Nb5 Qa4+ 16. b3 Qa5 17. Bc7 Nb6 18. Bxd8 1-0

[Event "38. Abierto Ciudad de Sevilla"]
[Site "Sevilla ESP"]
[Date "2013.01.12"]
[Round "2.13"]
[White "Roy Chowdhury, Saptarshi"]
[Black "Castillo Gomez, Jesus"]
[Result "1-0"]
[WhiteElo "2451"]
[BlackElo "2041"]
[PlyCount "93"]
[EventDate "2013.01.11"]
[EventType "swiss"]
[EventRounds "9"]
[EventCountry "ESP"]
[Source "lmi"]
[SourceDate "2013.01.11"]

1. e4 c6 2. Ne2 d5 3. e5 c5 4. d4 Nc6 5. c3 e6 6. Be3 Nge7 7. Ng3 Bd7 8. Be2
Ng6 9. O-O cxd4 10. cxd4 Be7 11. Nc3 Nh4 12. a3 f6 13. f4 O-O 14. Qd2 g6 15.
Rae1 a6 16. Kh1 Rc8 17. Bd3 Na5 18. f5 Nc4 19. Bxc4 Rxc4 20. Bh6 Nxf5 21. Nxf5
gxf5 22. Bxf8 Bxf8 23. b3 Rc7 24. Rf3 fxe5 25. dxe5 Be8 26. Ne2 Bg7 27. Nd4 Qe7
28. Rc3 Bc6 29. b4 Qf7 30. Qe2 Kh8 31. Rec1 Bh6 32. R1c2 f4 33. Nxc6 Rxc6 34.
Rxc6 bxc6 35. Rxc6 Qf5 36. h3 f3 37. Qxf3 Bf4 38. Rc8+ Kg7 39. Qg4+ Qxg4 40.
hxg4 Bxe5 41. Rc6 Kf6 42. Kg1 Bf4 43. Kf2 Ke5 44. Ke2 d4 45. Kd3 Be3 46. Rxa6
Kd5 47. Ra5+ 1-0

[Event "38. Abierto Ciudad de Sevilla"]
[Site "Sevilla ESP"]
[Date "2013.01.12"]
[Round "2.16"]
[White "Montero Campuzano, Rafael"]
[Black "Belezky, Alexander"]
[Result "0-1"]
[WhiteElo "2072"]
[BlackElo "2427"]
[PlyCount "95"]
[EventDate "2013.01.11"]
[EventType "swiss"]
[EventRounds "9"]
[EventCountry "ESP"]
[Source "lmi"]
[SourceDate "2013.01.11"]

1. e4 c5 2. Nf3 d6 3. d4 cxd4 4. Nxd4 Nf6 5. Nc3 g6 6. Bc4 Bg7 7. h3 O-O 8. Bb3
Na6 9. O-O Nc5 10. Re1 Nxb3 11. Nxb3 h6 12. Be3 Kh7 13. Bd4 Bd7 14. Nd5 e5 15.
Nxf6+ Bxf6 16. Be3 Bc6 17. Qd2 Bg7 18. f3 f5 19. Na5 fxe4 20. Nxc6 bxc6 21.
fxe4 d5 22. Bc5 Rf7 23. c4 d4 24. Rf1 Rb7 25. Rf3 Qh4 26. Qe2 Rd8 27. b3 Rdd7
28. Raf1 Qd8 29. Qd2 Qe8 30. Qf2 Kg8 31. Qg3 Qe6 32. Bf8 Rf7 33. Bc5 Rxf3 34.
Rxf3 a6 35. Qf2 Rd7 36. Kf1 Qe8 37. Qd2 Qd8 38. a4 Kh7 39. a5 Qh4 40. Qe2 h5
41. b4 g5 42. Qd3 g4 43. Rf5 Bh6 44. hxg4 Qh1+ 45. Kf2 Be3+ 46. Kg3 Qe1+ 47.
Kh3 hxg4+ 48. Kxg4 0-1

[Event "38. Abierto Ciudad de Sevilla"]
[Site "Sevilla ESP"]
[Date "2013.01.12"]
[Round "2.17"]
[White "Barua, Dibyendu"]
[Black "Silva Lucena, Cristian"]
[Result "1-0"]
[WhiteElo "2413"]
[BlackElo "2006"]
[PlyCount "101"]
[EventDate "2013.01.11"]
[EventType "swiss"]
[EventRounds "9"]
[EventCountry "ESP"]
[Source "lmi"]
[SourceDate "2013.01.11"]

1. e4 c5 2. Nf3 d6 3. Be2 Nf6 4. c3 Nbd7 5. d3 b6 6. O-O Bb7 7. Nbd2 g6 8. Re1
Bg7 9. Bf1 O-O 10. a4 a6 11. d4 e6 12. Bd3 cxd4 13. cxd4 Rc8 14. b3 Rc3 15. Bb1
Qb8 16. Bb2 Rcc8 17. Nf1 Rfd8 18. Ng3 Qa8 19. h4 h5 20. Ng5 Nf8 21. Qe2 N6h7
22. f4 Nxg5 23. fxg5 e5 24. d5 Rc7 25. Nf1 Bc8 26. Ne3 Qb7 27. Nc4 b5 28. axb5
axb5 29. Na5 Qb6+ 30. Qf2 Qxf2+ 31. Kxf2 Bd7 32. Ba3 Be8 33. Bd3 Rc3 34. Ke2 f6
35. Bb4 Rc7 36. Rec1 Ra7 37. Bd2 Rda8 38. b4 f5 39. Be3 fxe4 40. Bxe4 Ra6 41.
Rc7 Bd7 42. Rac1 Rxa5 43. bxa5 Rxa5 44. Ra7 Ra4 45. Kd3 Kf7 46. Rcc7 Ke7 47.
Rxa4 bxa4 48. Ra7 Kd8 49. Kc4 Kc8 50. Kb4 Bh8 51. Ra8+ 1-0

[Event "38. Abierto Ciudad de Sevilla"]
[Site "Sevilla ESP"]
[Date "2013.01.12"]
[Round "2.19"]
[White "Kjartansson, Gudmundur"]
[Black "Coba Moncada, Jacinto"]
[Result "1-0"]
[WhiteElo "2408"]
[BlackElo "2005"]
[PlyCount "97"]
[EventDate "2013.01.11"]
[EventType "swiss"]
[EventRounds "9"]
[EventCountry "ESP"]
[Source "lmi"]
[SourceDate "2013.01.11"]

1. Nf3 d6 2. d4 Nf6 3. g3 Nbd7 4. Bg2 c6 5. c4 e5 6. Nc3 Be7 7. e4 O-O 8. O-O
Qc7 9. h3 Re8 10. Be3 Bf8 11. a3 a6 12. Rc1 g6 13. c5 dxc5 14. dxe5 Nh5 15. g4
Ng7 16. Bf4 Ne6 17. Bg3 Bh6 18. g5 Bg7 19. Ne2 b6 20. Nh2 Bxe5 21. f4 Bd4+ 22.
Kh1 Qd8 23. Nxd4 Nxd4 24. Ng4 f6 25. f5 fxg5 26. fxg6 hxg6 27. Bd6 Re6 28. e5
Kg7 29. b4 Rxd6 30. exd6 Nf5 31. Qd3 Qf8 32. Rce1 Nf6 33. Nxf6 Qxf6 34. d7 Bxd7
35. Qxd7+ Kh6 36. Rxf5 Qxf5 37. Qxf5 gxf5 38. Re6+ Kh5 39. Rxc6 cxb4 40. axb4
Rb8 41. Rf6 f4 42. Bf3+ g4 43. hxg4+ Kg5 44. Rf5+ Kg6 45. Rxf4 a5 46. bxa5 bxa5
47. Kg2 Rb2+ 48. Kg3 Rb1 49. Be4+ 1-0